000 00308nam a22001337a 4500
008 171010b xxu||||| |||| 00| 0 eng d
020 _a9780534525514
041 _aeng
080 _23 ED
_a316
100 _a50
101 _aSOC
245 _aSOCIOLOGY AGLOBAL PERSPECTIVE
_cFERRANTE.J
942 _2udc
_cBK
999 _c32930
_d32930